LEADER 00832nac0-22002771i-450- 001 990007041190403321 005 20020205 035 $a000704119 035 $aFED01000704119 035 $a(Aleph)000704119FED01 035 $a000704119 100 $a20020205d1918----km-y0itay50------ba 101 0 $aita 102 $aIT 105 $ay-------011yy 200 1 $aA ricordo dell'Avv. Comm. Gaspare Emilio Brugnatelli nella seduta del 27 febbraio 1918 del Consiglio del Consorzio Universitario di Pavia$fCamillo Golgi 210 $aPavia$cTip. e Leg. Cooperativa$d1918 215 $a16 p.$d24 cm 676 $a394.2$v20$zita 700 1$aGolgi,$bCamillo 801 0$aIT$bUNINA$gRICA$2UNIMARC 901 $aBK 912 $a990007041190403321 952 $aBIBLIOTECA SOLAZZI BUSTA G 98$b64375$fFGBC 959 $aFGBC 997 $aUNINA LEADER 00801nam0-2200289 --450 001 9910289052103321 005 20181030125736.0 010 $a9780821847596 100 $a20181030d2009----kmuy0itay5050 ba 101 0 $aeng 102 $aUS 105 $a 001yy 200 1 $aMatching theory$fLászló Lovász , Michael D. Plummer 205 $aReprinted with corrections 210 $aProvidence$cAMS Chelsea publishing$d[2009] 215 $aXXXIII, 547 p.$d26 cm 610 0 $aGrafi 676 $a511.6$v21 700 1$aLovász,$bLászló$f<1948- >$041000 701 1$aPlummer,$bM. D.$0759615 801 0$aIT$bUNINA$gREICAT$2UNIMARC 901 $aBK 912 $a9910289052103321 952 $aMXVIII-B-77$fMAS 959 $aMAS 996 $aMatching theory$91535860 997 $aUNINA